000 01861cam a2200265 4500500
005 20260208003422.0
041 _afre
042 _adc
100 1 0 _aVilla, François
_eauthor
245 0 0 _aDes conditions de possibilité d’une approche interdisciplinaire du vieillir
260 _c2016.
500 _a52
520 _aL’auteur, depuis son trajet de clinicien, guidé par la méthode psychanalytique, en vient à interroger les conditions de possibilité d’un interdisciplinarité dans l’approche du vieillir. Dans un premier temps, il explicite son usage de la notion de vieillir plutôt que vieillisement et, en rappelant, que la mort n’est pas la conséquence du vieillissement mais sa mise en échec. Puis, il pose un certain nombre de choix épistémiques qui fonderaient, selon lui, les conditions d’une approche interdisciplinaire du vieillir.
520 _aPossible conditions for an interdisciplinary approach to agingThe author, guided by the psychoanalytic method & from his clinical path, questions the possibility of an interdisciplinary approach in aging. First, he explicits the use of the term to age rather than aging and reminds us that death is not the result of aging but its defeat. Then he raises a number of epistemic choices that would construct, according to him, the conditions for an interdisciplinary approach to aging.
690 _aDépendance/indépendance
690 _ainterdisciplinarité
690 _apsychopathologie psychanalytique
690 _avieillir
690 _aAging
690 _adependence/independence
690 _ainterdisciplinary
690 _apsychoanalytic psychopathology
786 0 _nPsychologie Clinique | 40 | 2 | 2016-01-28 | p. 12-18 | 1145-1882
856 4 1 _uhttps://shs.cairn.info/revue-psychologie-clinique-2015-2-page-12?lang=fr&redirect-ssocas=7080
999 _c1647904
_d1647904